00780 2200229 4500001002100000005001700021008004100038035002500079040001200104082001500116084002000131100001900151245014600170260006100316300003100377500005200408504002900460650001200489700001900501850001200520990001800532INLIS00000000000957920150820083454.0  a0010-081500000001017 aYOPDYOG 223a612.66 aSK 612.66 Sit H aSITI Nur Janah aHubungan tingkat pengetahuan ibu tentang ASI eksklusif dengan pemberian susu formula di desa Weru Weru Sukoharjo tahun 2009c/ Siti Nur Janah aYogyakartabSekolah Tinggi Ilmu Kesehatan Aisyiyahc2009 axii, 68 lembarc; 29,5 cm. aKarya Tulis Ilmiah Program Studi DIII Kebidanan aBibliografi : hlm. 66-68 aLaktasi aSRI Muslimatun aYOPDYOG a47746-PD/A.15